Les 20 villes les plus peuplées du Finistère (29) - Statistiques

Statistiques générales
  • Ce quiz a été pris 109 fois
  • Le résultat moyen est 12 sur 20
Statistiques - réponses
HINT HINT ANSWER % Correct
140 993 B Brest
100%
64 530 Q Quimper
100%
20 632 C Concarneau
93%
15 220 M Morlaix
92%
16 327 L Landerneau
87%
12 444 Q Quimperlé
80%
14 188 D Douarnenez
79%
15 401 G Guipavas
74%
10 204 F Fouesnant
66%
9 197 L Landivisiau
57%
8 403 P Pont-l'Abbé
51%
13 437 P Plouzané
44%
8 454 S Saint-Renan
37%
7 580 R Rosporden
36%
13 431 P Plougastel-Daoulas
34%
8 576 E Ergué-Gabéric
32%
8 221 G Guilers
30%
7 471 L Lesneven
29%
11 837 L Le Relecq-Kerhuon
28%
8 633 P Plabennec
28%
Aucun quiz correspondant
Distribution des résultats
% des personnes avec chaque résultat
Percentile par nombre de réponses
Votre historique - résultats
Vous n’avez pas pris ce quiz